[Event "Canada int. ch"]
[Site "Longueuil CAN"]
[Date "2019.10.12"]
[Round "3.17"]
[White "Guerra, Osmany"]
[Black "Nazareno, Merlin"]
[Result "0-1"]
[WhiteElo "2139"]
[BlackElo "1873"]
[PlyCount "104"]
[EventDate "2019.10.11"]
[EventType "swiss"]
[EventRounds "5"]
[EventCountry "CAN"]

1. e4 Nc6 2. Nf3 f5 3. exf5 d5 4. Bd3 Nh6 5. O-O Bxf5 6. Bxf5 Nxf5 7. d4 Qd6 8.
Nc3 a6 9. Ne2 g5 10. Bxg5 Bg7 11. Bf4 e5 12. dxe5 Nxe5 13. Nxe5 Bxe5 14. Nd4
O-O 15. Nxf5 Rxf5 16. Qg4+ Qg6 17. Qxg6+ hxg6 18. Bxe5 Rxe5 19. Rfe1 Rae8 20.
Kf1 Kf7 21. Rxe5 Rxe5 22. Re1 Rh5 23. h3 d4 24. f4 Rf5 25. Re4 Rc5 26. Re2 Rf5
27. Rf2 Ra5 28. a3 Rb5 29. b4 a5 30. bxa5 Rxa5 31. Rf3 Rc5 32. Rd3 Rc4 33. g4
c5 34. Rb3 Rxc2 35. Rxb7+ Ke6 36. Rb6+ Kd5 37. f5 gxf5 38. gxf5 d3 39. Ke1 Re2+
40. Kf1 Re5 41. f6 Kc4 42. Rd6 Kc3 43. a4 c4 44. Kf2 Kc2 45. Rd4 c3 46. Rf4 Re8
47. f7 Rf8 48. Ke3 d2 49. Rf2 Kc1 50. Rf1+ d1=Q 51. Rxd1+ Kxd1 52. Kd3 c2 0-1

[Event "Canada int. ch"]
[Site "Longueuil CAN"]
[Date "2019.10.12"]
[Round "3.18"]
[White "Chabot, Roland"]
[Black "Han, Johnathan"]
[Result "1-0"]
[WhiteElo "2125"]
[BlackElo "1598"]
[PlyCount "67"]
[EventDate "2019.10.11"]
[EventType "swiss"]
[EventRounds "5"]
[EventCountry "CAN"]

1. d4 Nf6 2. Bg5 d5 3. Bxf6 exf6 4. e3 Bd6 5. g3 O-O 6. Bg2 c6 7. Ne2 Nd7 8.
O-O Re8 9. b3 f5 10. c4 Nf6 11. Nbc3 Be6 12. Qd3 g6 13. c5 Bf8 14. b4 Ne4 15.
b5 Bc8 16. a4 a5 17. Rab1 Qc7 18. Rb2 Bd7 19. Rfb1 Reb8 20. Qc2 Bc8 21. Qb3 Be6
22. Nf4 Rc8 23. Nxe4 fxe4 24. Nxe6 fxe6 25. Bh3 Re8 26. bxc6 Qxc6 27. Qxb7 Qxb7
28. Rxb7 Ra6 29. Bf1 Raa8 30. Bb5 Re7 31. Bd7 Kf7 32. c6 Kf6 33. Rb8 Rxb8 34.
Rxb8 1-0

[Event "Canada int. ch"]
[Site "Longueuil CAN"]
[Date "2019.10.12"]
[Round "3.19"]
[White "Nunez-Painchaud, Raphael"]
[Black "Allard, Laurent"]
[Result "1-0"]
[WhiteElo "2033"]
[BlackElo "2092"]
[PlyCount "105"]
[EventDate "2019.10.11"]
[EventType "swiss"]
[EventRounds "5"]
[EventCountry "CAN"]

1. e4 c5 2. Nf3 d6 3. d4 cxd4 4. Nxd4 Nf6 5. Nc3 a6 6. Be3 e5 7. Nb3 Be6 8. Be2
Be7 9. O-O O-O 10. Qd3 b5 11. a4 b4 12. Nd5 Bxd5 13. exd5 Nbd7 14. a5 Qc7 15.
Ra4 Nc5 16. Qc4 Rfc8 17. Rxb4 Nxb3 18. Qxc7 Rxc7 19. cxb3 Nxd5 20. Rc4 Rxc4 21.
Bxc4 Nxe3 22. fxe3 Bf6 23. Rd1 Be7 24. Rf1 Bf6 25. Rd1 Be7 26. Rc1 Bd8 27. b4
Kf8 28. Bd5 Rb8 29. Rc4 f5 30. Kf2 e4 31. Be6 g6 32. Ke2 Ke7 33. Bd5 Kf6 34.
Rd4 Be7 35. Bc6 Rc8 36. Bb7 Rc2+ 37. Rd2 Rxd2+ 38. Kxd2 d5 39. Kc3 Ke5 40. Bxa6
Bg5 41. b5 Bxe3 42. b6 d4+ 43. Kc4 d3 44. Kc3 Kd5 45. Bc4+ Ke5 46. b4 Bd4+ 47.
Kd2 Kd6 48. Bg8 Be5 49. a6 Bf4+ 50. Kc3 Be5+ 51. Kd2 Bf4+ 52. Kd1 Be5 53. Bc4
1-0

[Event "Canada int. ch"]
[Site "Longueuil CAN"]
[Date "2019.10.12"]
[Round "3.20"]
[White "Miller, Rachel"]
[Black "Saha, Ananda"]
[Result "1-0"]
[WhiteElo "1931"]
[BlackElo "2055"]
[PlyCount "119"]
[EventDate "2019.10.11"]
[EventType "swiss"]
[EventRounds "5"]
[EventCountry "CAN"]

1. e4 e6 2. d4 d5 3. exd5 exd5 4. Nf3 Bd6 5. c4 Nf6 6. Nc3 c6 7. c5 Be7 8. Bd3
O-O 9. h3 Re8 10. O-O Nbd7 11. Bf4 Nf8 12. Qc2 Ne6 13. Bh2 g6 14. b4 Nh5 15.
Ne2 f5 16. g4 Nhg7 17. gxf5 gxf5 18. Kh1 Ng5 19. Nxg5 Bxg5 20. Be5 Bf6 21. f4
Kh8 22. Kh2 Rf8 23. Rg1 Be6 24. Raf1 Qd7 25. Qd2 Rf7 26. Qe3 a5 27. a3 axb4 28.
axb4 Re8 29. Ra1 Qe7 30. Ra7 Bxe5 31. dxe5 d4 32. Nxd4 Rd8 33. Nxc6 bxc6 34.
Rxe7 Rxe7 35. Be2 Red7 36. Rg2 Rd4 37. Qg1 Ne8 38. Bf3 Rxf4 39. Bxc6 Rxb4 40.
Bxe8 Rxe8 41. Qd1 Rh4 42. Qe1 Ra4 43. Qb1 Ra7 44. Qb5 Rae7 45. c6 Rc7 46. Rd2
Rg8 47. Rd6 Rcg7 48. Qe2 Re7 49. c7 f4 50. Qc2 Bc8 51. Rd8 Ree8 52. Qd2 Bb7 53.
Rxe8 Rxe8 54. Qxf4 Bc8 55. Qf7 Rg8 56. Qf6+ Rg7 57. h4 h5 58. Qh6+ Kg8 59. Qd6
Kh7 60. e6 1-0

[Event "Canada int. ch"]
[Site "Longueuil CAN"]
[Date "2019.10.12"]
[Round "3.21"]
[White "Xu, Daniel"]
[Black "Luksza, Arkadiusz"]
[Result "1-0"]
[WhiteElo "1838"]
[BlackElo "2048"]
[PlyCount "75"]
[EventDate "2019.10.11"]
[EventType "swiss"]
[EventRounds "5"]
[EventCountry "CAN"]

1. d4 d5 2. c4 c6 3. Nf3 Nf6 4. Qc2 a6 5. Bf4 e6 6. e3 Be7 7. h3 O-O 8. Nc3
Nbd7 9. Rc1 Qa5 10. cxd5 Nxd5 11. Bh2 Nb4 12. Qb1 c5 13. Be2 cxd4 14. Nxd4 g6
15. O-O Re8 16. a3 Nd5 17. Nxd5 Qxd5 18. Rfd1 Qa5 19. Nb3 Qb6 20. Bc7 Qa7 21.
Bf3 Nf6 22. Na5 Nd5 23. Bg3 Bd7 24. e4 Nf6 25. Rc7 Ba4 26. b3 Qb6 27. bxa4 Qxa5
28. Rxb7 Qxa4 29. Rxe7 Rxe7 30. Bh4 Kg7 31. Bxf6+ Kxf6 32. e5+ Kg7 33. Bxa8
Qxa3 34. Qa1 Qb3 35. Bf3 Ra7 36. Qa5 h5 37. Qd8 Kh7 38. Qf6 1-0

[Event "Canada int. ch"]
[Site "Longueuil CAN"]
[Date "2019.10.12"]
[Round "3.22"]
[White "Turcotte, Jonathan"]
[Black "Regis, Isaias"]
[Result "1-0"]
[WhiteElo "1976"]
[BlackElo "2090"]
[PlyCount "87"]
[EventDate "2019.10.11"]
[EventType "swiss"]
[EventRounds "5"]
[EventCountry "CAN"]

1. d4 Nf6 2. c4 g6 3. Nc3 d5 4. Bf4 Bg7 5. e3 O-O 6. Rc1 dxc4 7. Bxc4 c5 8. d5
Qa5 9. Nge2 a6 10. a4 h6 11. h3 g5 12. Bh2 Bf5 13. f3 Nbd7 14. e4 Bg6 15. O-O
Ne8 16. f4 gxf4 17. Nxf4 Nd6 18. Bd3 c4 19. Bb1 Qb6+ 20. Kh1 Qxb2 21. Nxg6 fxg6
22. Qg4 Rxf1+ 23. Rxf1 Rf8 24. Rd1 Qxc3 25. Qxd7 Qb3 26. Qe6+ Kh8 27. Rg1 c3
28. Qxe7 Nc4 29. d6 c2 30. Bxc2 Qxc2 31. d7 Qd3 32. Bc7 Kh7 33. Qxf8 Bxf8 34.
d8=Q Qxd8 35. Bxd8 Bd6 36. Rb1 g5 37. Rxb7+ Kg6 38. Ra7 a5 39. Bxa5 Bg3 40. Bc3
h5 41. Ra6+ Kf7 42. Rc6 Ne3 43. Rf6+ Ke7 44. Rf3 1-0

[Event "Canada int. ch"]
[Site "Longueuil CAN"]
[Date "2019.10.12"]
[Round "3.23"]
[White "Robichaud, Louis"]
[Black "Poulin, Maurice"]
[Result "1-0"]
[WhiteElo "2041"]
[BlackElo "1945"]
[PlyCount "81"]
[EventDate "2019.10.11"]
[EventType "swiss"]
[EventRounds "5"]
[EventCountry "CAN"]

1. e4 g6 2. f4 Bg7 3. Nf3 d6 4. Be2 c5 5. O-O Nc6 6. d3 Rb8 7. a4 a6 8. Nc3 b5
9. axb5 axb5 10. Nd5 e6 11. Ne3 Nge7 12. c3 f5 13. Bd2 O-O 14. g3 Bb7 15. Qb3
c4 16. dxc4 fxe4 17. Ng5 bxc4 18. Bxc4 d5 19. Nxe6 dxc4 20. Nxc4 Qd5 21. Nc7
Qf7 22. Qb5 Rfd8 23. Be3 Nf5 24. Bb6 Rd7 25. Na6 Nfd4 26. cxd4 Nxd4 27. Bxd4
Bxd4+ 28. Rf2 Rf8 29. Ne5 Bxf2+ 30. Kxf2 Rd2+ 31. Ke3 Qd5 32. Qxd5+ Rxd5 33.
Nc7 Rd6 34. Ra7 Rb6 35. Ne6 Rc8 36. Nd4 Rxb2 37. Ra3 Rxh2 38. Rb3 Rg2 39. Rxb7
Rc3+ 40. Kxe4 Rgxg3 41. Ne6 1-0

[Event "Canada int. ch"]
[Site "Longueuil CAN"]
[Date "2019.10.13"]
[Round "4.1"]
[White "Lesiege, Alexandre"]
[Black "Roussel-Roozmon, Thomas"]
[Result "1/2-1/2"]
[WhiteElo "2503"]
[BlackElo "2472"]
[PlyCount "99"]
[EventDate "2019.10.11"]
[EventType "swiss"]
[EventRounds "5"]
[EventCountry "CAN"]

1. d4 d5 2. Bf4 Nf6 3. e3 c5 4. c3 Nc6 5. Nd2 Bf5 6. Ngf3 e6 7. Qb3 Qb6 8. Nh4
Bg6 9. Nxg6 hxg6 10. Qxb6 axb6 11. Bc7 Nd7 12. Bb5 Rc8 13. Bg3 Be7 14. O-O cxd4
15. cxd4 Bh4 16. Bf4 Ke7 17. Nf3 Bf6 18. g4 g5 19. Nxg5 e5 20. dxe5 Ndxe5 21.
Rad1 Nxg4 22. Rxd5 Rhd8 23. Rxd8 Rxd8 24. h3 Nge5 25. Ne4 Nf3+ 26. Kg2 Nd2 27.
Nxd2 Rxd2 28. a4 Rxb2 29. Bc7 Na7 30. Bd3 Nc6 31. Rb1 Rd2 32. Be4 Bh4 33. Bg3
Bxg3 34. Kxg3 Kd6 35. Rxb6 Kc7 36. Rb5 b6 37. Rh5 g6 38. Rh7 Rd7 39. Kf4 Kd6
40. Bxc6 Kxc6 41. Kg5 Rd5+ 42. Kf6 Rf5+ 43. Ke7 Rxf2 44. Rxf7 Ra2 45. e4 Rxa4
46. e5 Kd5 47. e6 Ke5 48. Kd7 Rd4+ 49. Ke7 Ra4 50. Kd7 1/2-1/2

[Event "Canada int. ch"]
[Site "Longueuil CAN"]
[Date "2019.10.13"]
[Round "4.2"]
[White "Gomez Garrido, Camilo Ernesto"]
[Black "Steel, Henry"]
[Result "1-0"]
[WhiteElo "2471"]
[BlackElo "2410"]
[PlyCount "167"]
[EventDate "2019.10.11"]
[EventType "swiss"]
[EventRounds "5"]
[EventCountry "CAN"]

1. e4 c5 2. Nf3 e6 3. d4 cxd4 4. Nxd4 Nc6 5. Nc3 Qc7 6. Qd3 Nxd4 7. Qxd4 a6 8.
Be3 b5 9. Be2 Ne7 10. Qd2 Nc6 11. O-O-O Ne5 12. Kb1 Bb7 13. f4 Nc4 14. Bxc4
bxc4 15. Bd4 f6 16. g4 Be7 17. g5 fxg5 18. Bxg7 Rg8 19. Be5 Qc6 20. Rhg1 g4 21.
h3 h5 22. hxg4 hxg4 23. Qe2 d6 24. Rxg4 O-O-O 25. Bd4 Kb8 26. Rdg1 Rxg4 27.
Qxg4 Bc8 28. Qg7 Rd7 29. Qf7 Rb7 30. Rg8 Bd8 31. Qg6 Bb6 32. Qf6 Ka7 33. Na4
Qxe4 34. Bxb6+ Rxb6 35. a3 Rc6 36. Rg7+ Kb8 37. Nc3 Qe3 38. Qe7 Qb6 39. Rg8 d5
40. f5 Rc7 41. Qxe6 Qxe6 42. fxe6 Re7 43. Nxd5 Rxe6 44. Kc1 Kb7 45. Rf8 Rh6 46.
Rf6 Rh5 47. Ne3 c3 48. bxc3 Bd7 49. c4 Bc6 50. Kb2 Rh3 51. Nd5 a5 52. Re6 Rh5
53. Nf4 Rh4 54. Nd3 Kc7 55. Kc3 Rh2 56. Rf6 Rh4 57. Nc5 Rh3+ 58. Kb2 Rh5 59.
Ne6+ Kd7 60. Nd4 Be4 61. Re6 Bb7 62. Rb6 Kc7 63. Rb5 Rh4 64. Ne6+ Kd6 65. Rxb7
Kxe6 66. Kb3 Kd6 67. Rb6+ Kc7 68. Rb5 Rh3+ 69. c3 a4+ 70. Kb4 Kc6 71. Ra5 Rh1
72. Ra6+ Kb7 73. Rxa4 Kb6 74. c5+ Kb7 75. Kb5 Rb1+ 76. Rb4 Ra1 77. a4 Kc7 78.
a5 Ra3 79. c4 Ra2 80. a6 Ra1 81. c6 Kb8 82. Kc5+ Ka7 83. c7 Rxa6 84. Rb8 1-0

[Event "Canada int. ch"]
[Site "Longueuil CAN"]
[Date "2019.10.13"]
[Round "4.3"]
[White "Nicula, Marius"]
[Black "Sambuev, Bator"]
[Result "1/2-1/2"]
[WhiteElo "2176"]
[BlackElo "2513"]
[PlyCount "94"]
[EventDate "2019.10.11"]
[EventType "swiss"]
[EventRounds "5"]
[EventCountry "CAN"]

1. e4 e6 2. d4 d5 3. Nc3 Bb4 4. e5 b6 5. a3 Bf8 6. Nf3 Ne7 7. h4 h6 8. h5 Qd7
9. g4 Ba6 10. Bxa6 Nxa6 11. Qd3 Nb8 12. Ne2 Nbc6 13. Be3 O-O-O 14. Qa6+ Kb8 15.
Bd2 f6 16. a4 fxe5 17. dxe5 g5 18. a5 Bg7 19. axb6 cxb6 20. Bc3 Qb7 21. Qxb7+
Kxb7 22. Ned4 Nxd4 23. Nxd4 Bxe5 24. Nxe6 Bxc3+ 25. bxc3 Rc8 26. Kd2 Rc4 27. f3
Rhc8 28. Rhe1 Nc6 29. Ng7 d4 30. cxd4 Nxd4 31. Re7+ R4c7 32. Rxc7+ Rxc7 33. Nf5
Nxf3+ 34. Ke3 Ne5 35. Nxh6 Rc4 36. Rf1 a5 37. Nf7 Nxg4+ 38. Kd3 Rf4 39. Rxf4
gxf4 40. h6 Nf6 41. Ng5 Kc6 42. Ne6 f3 43. Nd4+ Kd5 44. Nxf3 b5 45. Kc3 Nh7 46.
Kb3 Ke4 47. Nd2+ Kd4 1/2-1/2

[Event "Canada int. ch"]
[Site "Longueuil CAN"]
[Date "2019.10.13"]
[Round "4.4"]
[White "Ortiz Suarez, Isan Reynaldo"]
[Black "Ouellet, Maili-Jade"]
[Result "1-0"]
[WhiteElo "2555"]
[BlackElo "2187"]
[PlyCount "95"]
[EventDate "2019.10.11"]
[EventType "swiss"]
[EventRounds "5"]
[EventCountry "CAN"]

1. Nf3 Nf6 2. c4 e6 3. g3 b6 4. Bg2 Bb7 5. O-O c5 6. Nc3 Be7 7. Re1 Ne4 8. Nxe4
Bxe4 9. d3 Bb7 10. e4 O-O 11. d4 cxd4 12. Nxd4 d6 13. b3 Nc6 14. Bb2 Rc8 15.
Qd2 Qc7 16. Nb5 Qb8 17. Rad1 Rfd8 18. Ba3 Rd7 19. e5 d5 20. Bd6 Bxd6 21. Nxd6
dxc4 22. Qc1 Rcd8 23. f4 Ba8 24. Qxc4 Ne7 25. Rc1 Bxg2 26. Kxg2 Qa8+ 27. Kf2 a6
28. Re2 Nd5 29. Qd4 Qa7 30. Rec2 Ne7 31. g4 h6 32. b4 b5 33. Qxa7 Rxa7 34. a3
Nd5 35. Kf3 Raa8 36. Rc6 Rdb8 37. f5 exf5 38. gxf5 Ra7 39. Ke4 Ne7 40. Rc7 Rba8
41. f6 gxf6 42. exf6 Ng6 43. Nxf7 Rxc7 44. Rxc7 Re8+ 45. Kf5 Nh4+ 46. Kg4 Re4+
47. Kh5 Rf4 48. Nxh6+ 1-0

[Event "Canada int. ch"]
[Site "Longueuil CAN"]
[Date "2019.10.13"]
[Round "4.5"]
[White "Leon Valdes, Jony Wilson"]
[Black "Duong, Thanh Nha"]
[Result "1-0"]
[WhiteElo "2393"]
[BlackElo "2165"]
[PlyCount "37"]
[EventDate "2019.10.11"]
[EventType "swiss"]
[EventRounds "5"]
[EventCountry "CAN"]

1. d4 Nf6 2. c4 g6 3. f3 d5 4. cxd5 Nxd5 5. e4 Nb6 6. Nc3 Bg7 7. Be3 O-O 8. Qd2
Nc6 9. O-O-O f5 10. e5 Nb4 11. Kb1 Be6 12. Nh3 Nc4 13. Qc1 Nxe3 14. Qxe3 c5 15.
Nf4 Bh6 16. d5 Nxd5 17. Ncxd5 Bxd5 18. Rxd5 Bxf4 19. Qxf4 1-0

[Event "Canada int. ch"]
[Site "Longueuil CAN"]
[Date "2019.10.13"]
[Round "4.7"]
[White "Perez Rodriguez, Luis Manuel"]
[Black "Hernandez Moya, Yuleisy"]
[Result "1/2-1/2"]
[WhiteElo "2345"]
[BlackElo "2173"]
[PlyCount "37"]
[EventDate "2019.10.11"]
[EventType "swiss"]
[EventRounds "5"]
[EventCountry "CAN"]

1. e4 e6 2. d4 d5 3. exd5 exd5 4. Nf3 Bd6 5. Bd3 Nf6 6. O-O O-O 7. h3 h6 8. Ne5
c5 9. c3 Nc6 10. Nxc6 bxc6 11. dxc5 Bxc5 12. Bf4 Bd6 13. Bxd6 Qxd6 14. Nd2 Bd7
15. Qf3 Rfe8 16. Rfe1 Rxe1+ 17. Rxe1 Re8 18. Rxe8+ Bxe8 19. Qe3 1/2-1/2

[Event "Canada int. ch"]
[Site "Longueuil CAN"]
[Date "2019.10.13"]
[Round "4.8"]
[White "Bouvier, Jesse"]
[Black "Martinez Mulet, Dario Leonel"]
[Result "1/2-1/2"]
[WhiteElo "2266"]
[BlackElo "2120"]
[PlyCount "132"]
[EventDate "2019.10.11"]
[EventType "swiss"]
[EventRounds "5"]
[EventCountry "CAN"]

1. e4 c6 2. d4 d5 3. e5 c5 4. dxc5 e6 5. Nf3 Bxc5 6. Bd3 Nc6 7. a3 Qc7 8. Qe2
Nge7 9. b4 Nd4 10. Nxd4 Bxd4 11. Ra2 Qxe5 12. Be3 Bxe3 13. fxe3 O-O 14. O-O Bd7
15. Nd2 Rac8 16. Nf3 Qh5 17. Qf2 e5 18. e4 d4 19. Qg3 f6 20. Raa1 Ba4 21. b5
Bxc2 22. Bxc2 Rxc2 23. Nxd4 Rd2 24. Ne6 Rf7 25. Rae1 Qg6 26. Rd1 Qxg3 27. hxg3
Rxd1 28. Rxd1 Ng6 29. Rd8+ Nf8 30. Ra8 b6 31. a4 f5 32. exf5 Rxf5 33. Nxf8 Rxf8
34. Rxa7 Rc8 35. Kf2 h5 36. Kf3 Rc4 37. Ke3 Kh7 38. Kd3 Rd4+ 39. Kc3 Rg4 40.
Ra6 Rxg3+ 41. Kc4 Rxg2 42. Rxb6 h4 43. Rd6 Rg4+ 44. Kb3 Rg1 45. Rd2 g5 46. b6
Rb1+ 47. Rb2 Rxb2+ 48. Kxb2 h3 49. b7 h2 50. b8=Q h1=Q 51. Qxe5 Qg2+ 52. Kb3
Qf3+ 53. Kc4 Qc6+ 54. Kb4 Qb6+ 55. Ka3 Qg1 56. a5 g4 57. Qc7+ Kg8 58. Qc8+ Kf7
59. a6 g3 60. Qc7+ Ke6 61. a7 g2 62. Qc6+ Ke7 63. Qe4+ Kd6 64. a8=Q Qa1+ 65.
Kb3 Qxa8 66. Qxa8 g1=Q 1/2-1/2

[Event "Canada int. ch"]
[Site "Longueuil CAN"]
[Date "2019.10.13"]
[Round "4.9"]
[White "Huang, Qiuyu"]
[Black "Rodrigue-Lemieux, Shawn"]
[Result "1/2-1/2"]
[WhiteElo "1946"]
[BlackElo "2263"]
[PlyCount "58"]
[EventDate "2019.10.11"]
[EventType "swiss"]
[EventRounds "5"]
[EventCountry "CAN"]

1. e4 c6 2. d4 d5 3. exd5 cxd5 4. Bd3 Nc6 5. c3 Qc7 6. h3 Nf6 7. Nf3 g6 8. Qc2
Bg7 9. O-O O-O 10. Re1 Nh5 11. Be3 Nf4 12. Bf1 Bf5 13. Qd2 Nh5 14. Na3 Nf6 15.
Nc2 Ne4 16. Qc1 Rfe8 17. Bf4 Qb6 18. Ne3 Rac8 19. Nxd5 Qa5 20. Ne3 Nxd4 21. Nc4
Rxc4 22. Bxc4 Nxf3+ 23. gxf3 Nxf2 24. Bxf7+ Kxf7 25. Kxf2 Bxh3 26. Rh1 Bf5 27.
Rxh7 g5 28. Rxg7+ Kxg7 29. Bxg5 Rh8 1/2-1/2

[Event "Canada int. ch"]
[Site "Longueuil CAN"]
[Date "2019.10.13"]
[Round "4.10"]
[White "Nazareno, Merlin"]
[Black "Sasata, Robert"]
[Result "0-1"]
[WhiteElo "1873"]
[BlackElo "2212"]
[PlyCount "69"]
[EventDate "2019.10.11"]
[EventType "swiss"]
[EventRounds "5"]
[EventCountry "CAN"]

1. d4 Nf6 2. e3 d5 3. Bd3 c5 4. c3 Nc6 5. f4 Bg4 6. Nf3 e6 7. O-O Bd6 8. Qa4 c4
9. Be2 Rb8 10. Qd1 a5 11. Ne5 Bxe2 12. Qxe2 Qc7 13. Nd2 O-O 14. e4 Ne7 15. g4
Nxe4 16. Nxe4 dxe4 17. Qxe4 f5 18. Qe2 Bxe5 19. fxe5 fxg4 20. Qxg4 Rxf1+ 21.
Kxf1 Rf8+ 22. Kg1 Rf5 23. Bd2 Qc6 24. Qg2 Nd5 25. Rf1 Rxf1+ 26. Qxf1 Qe8 27.
Qg2 Qh5 28. h3 Qf5 29. Kh2 Kf7 30. a3 h6 31. Kg1 g5 32. Qf2 Kg6 33. Qxf5+ Kxf5
34. Kf2 Ke4 35. Ke2 0-1

[Event "Canada int. ch"]
[Site "Longueuil CAN"]
[Date "2019.10.13"]
[Round "4.11"]
[White "Khan Wazeer, Ahmad"]
[Black "Hirschberg, Valerian"]
[Result "0-1"]
[WhiteElo "1654"]
[BlackElo "2235"]
[PlyCount "58"]
[EventDate "2019.10.11"]
[EventType "swiss"]
[EventRounds "5"]
[EventCountry "CAN"]

1. d4 d5 2. Nf3 Nf6 3. c4 dxc4 4. Nc3 a6 5. a4 Nc6 6. e4 Bg4 7. e5 Nd5 8. Bxc4
e6 9. Bxd5 exd5 10. Be3 Be7 11. h3 Bf5 12. O-O O-O 13. Ne1 Na5 14. g4 Be6 15.
f4 f5 16. exf6 Bxf6 17. f5 Nc4 18. Bc1 Bf7 19. Nf3 c5 20. g5 Be7 21. h4 Bh5 22.
Qe1 cxd4 23. b3 dxc3 24. bxc4 d4 25. Ne5 d3 26. Qxc3 Bc5+ 27. Kg2 Bd4 28. Qa3
Bxe5 29. Ra2 Qd4 0-1

[Event "Canada int. ch"]
[Site "Longueuil CAN"]
[Date "2019.10.13"]
[Round "4.12"]
[White "Hua, Eugene"]
[Black "Nunez-Painchaud, Raphael"]
[Result "1-0"]
[WhiteElo "2285"]
[BlackElo "2033"]
[PlyCount "59"]
[EventDate "2019.10.11"]
[EventType "swiss"]
[EventRounds "5"]
[EventCountry "CAN"]

1. e4 c5 2. Nf3 Nc6 3. Bb5 g6 4. Bxc6 dxc6 5. d3 Bg7 6. h3 Nf6 7. Nc3 e5 8. Be3
Nd7 9. Qd2 h6 10. O-O Qe7 11. Nh2 Nf8 12. f4 exf4 13. Bxf4 Ne6 14. Bg3 Qg5 15.
Qe1 Nd4 16. Qf2 Be6 17. Bh4 Qe5 18. Ng4 Qc7 19. Nf6+ Kf8 20. b4 Rd8 21. bxc5
Qe5 22. Ng4 Qxc5 23. Bxd8 Qxc3 24. Bf6 Bxf6 25. Nxf6 Kg7 26. Kh1 h5 27. Rae1 b5
28. Nd7 Nxc2 29. Rc1 Qd4 30. Nc5 1-0

[Event "Canada int. ch"]
[Site "Longueuil CAN"]
[Date "2019.10.13"]
[Round "4.13"]
[White "Tremblay, Alain"]
[Black "Masse, Hugues"]
[Result "1/2-1/2"]
[WhiteElo "2079"]
[BlackElo "2192"]
[PlyCount "128"]
[EventDate "2019.10.11"]
[EventType "swiss"]
[EventRounds "5"]
[EventCountry "CAN"]

1. e4 e5 2. Nf3 Nf6 3. Nxe5 d6 4. Nf3 Nxe4 5. d4 d5 6. Bd3 Be7 7. O-O Nd6 8.
Bf4 O-O 9. Nbd2 Nd7 10. Re1 Re8 11. c3 Nf8 12. Qc2 g6 13. Rac1 c6 14. h3 Ne6
15. Bg3 Ng7 16. Re2 Bf5 17. Rce1 Bf8 18. Bh4 Qc7 19. Bg3 Rxe2 20. Rxe2 Bxd3 21.
Qxd3 Re8 22. Rxe8 Ngxe8 23. Ne5 Qa5 24. a3 Qb5 25. Qxb5 Nxb5 26. Nd3 f6 27. Kf1
Kf7 28. Ke2 Ke6 29. a4 Nbd6 30. Nc5+ Ke7 31. f3 b6 32. Nd3 Kd7 33. b3 Ng7 34.
Nf1 Ne6 35. Ne3 h5 36. Nf4 Nxf4+ 37. Bxf4 Nb7 38. Kd3 Nd8 39. Bb8 Kc8 40. Bg3
Bh6 41. Nc2 Ne6 42. c4 Bf4 43. Bf2 Bd6 44. Be3 h4 45. cxd5 cxd5 46. b4 g5 47.
b5 Kb7 48. Kc3 a6 49. bxa6+ Kxa6 50. Kb3 Kb7 51. Kc3 Bf4 52. Bxf4 Nxf4 53. Ne3
Kc6 54. Kb4 Nd3+ 55. Kc3 Nf4 56. Kb4 Ne6 57. Kc3 Nc7 58. Ng4 Ne8 59. Kb4 Kb7
60. Ne3 Kc6 61. Ng4 Kb7 62. Ne3 Nc7 63. Ng4 Ne8 64. Ne3 Kc6 1/2-1/2

[Event "Canada int. ch"]
[Site "Longueuil CAN"]
[Date "2019.10.13"]
[Round "4.14"]
[White "Cazelais, Marc"]
[Black "Miller, Rachel"]
[Result "1-0"]
[WhiteElo "2170"]
[BlackElo "1931"]
[PlyCount "117"]
[EventDate "2019.10.11"]
[EventType "swiss"]
[EventRounds "5"]
[EventCountry "CAN"]

1. e4 e5 2. Nf3 Nc6 3. Nc3 Nf6 4. d4 exd4 5. Nxd4 Bb4 6. Nxc6 bxc6 7. Bd3 d5 8.
exd5 cxd5 9. O-O O-O 10. Bg5 c6 11. Na4 Bd6 12. Re1 h6 13. Bh4 Rb8 14. c3 Bg4
15. f3 Be6 16. Bc2 c5 17. Qd3 c4 18. Qd4 Qc7 19. Bxf6 Bxh2+ 20. Kh1 gxf6 21. g3
Bxg3 22. Rg1 Rfc8 23. f4 Kf8 24. Rxg3 Bd7 25. Qxf6 Qc6 26. Qd4 Qd6 27. Re1 Be6
28. Qg7+ Ke7 29. f5 Rg8 30. Rxe6+ Qxe6 31. fxe6 Rxg7 32. Rxg7 Kxe6 33. Rh7 Rg8
34. Rxh6+ Ke5 35. Rh5+ Kf4 36. Rxd5 Ke3 37. Kh2 f5 38. Bxf5 a5 39. Nb6 a4 40.
Nxc4+ Kf2 41. Bh3 a3 42. Nxa3 Ke2 43. Nc4 Rf8 44. Rf5 Rg8 45. a4 Kd3 46. Bf1+
Kc2 47. a5 Kb3 48. a6 Rh8+ 49. Kg3 Ra8 50. Nb6 Ra7 51. Rb5+ Ka2 52. Rb4 Rg7+
53. Kf2 Ra7 54. Ke3 Re7+ 55. Kd4 Ra7 56. Kc5 Rc7+ 57. Kb5 Ra7 58. Bg2 Kb1 59.
Bb7 1-0

[Event "Canada int. ch"]
[Site "Longueuil CAN"]
[Date "2019.10.13"]
[Round "4.16"]
[White "Zhang, Chu Hang"]
[Black "Bannon, Eric"]
[Result "0-1"]
[WhiteElo "1829"]
[BlackElo "2125"]
[PlyCount "90"]
[EventDate "2019.10.11"]
[EventType "swiss"]
[EventRounds "5"]
[EventCountry "CAN"]

1. e4 c5 2. Nc3 Nc6 3. Nge2 Nf6 4. g3 g6 5. Bg2 Bg7 6. d3 d6 7. h3 Rb8 8. f4
O-O 9. g4 Nd7 10. f5 Nde5 11. O-O b5 12. Ng3 Nd4 13. Be3 Bb7 14. Qd2 b4 15. Nd5
a5 16. Bh6 Bxd5 17. Bxg7 Kxg7 18. exd5 f6 19. Ne2 Nxe2+ 20. Qxe2 g5 21. c3 bxc3
22. bxc3 Qb6 23. Rfd1 Qb2 24. Qe1 Qc2 25. Rac1 Qxa2 26. Ra1 Qc2 27. Rac1 Qa4
28. d4 cxd4 29. cxd4 Nc4 30. Qxe7+ Rf7 31. Qe2 Rb4 32. Bf1 Nb6 33. Qc4 Rb2 34.
Rb1 Nc8 35. Qd3 Rxb1 36. Rxb1 Rc7 37. Rb2 Ne7 38. h4 Nxd5 39. hxg5 fxg5 40. Qe4
Nf6 41. Qe3 h6 42. Rd2 Qe8 43. Qg3 Qe4 44. Be2 Rc1+ 45. Kf2 Qh1 0-1

[Event "Canada int. ch"]
[Site "Longueuil CAN"]
[Date "2019.10.13"]
[Round "4.17"]
[White "Tanaka, Tyler"]
[Black "Qiao, Cindy"]
[Result "1-0"]
[WhiteElo "2106"]
[BlackElo "1731"]
[PlyCount "43"]
[EventDate "2019.10.11"]
[EventType "swiss"]
[EventRounds "5"]
[EventCountry "CAN"]

1. e4 c5 2. Nc3 Nc6 3. Bb5 Nd4 4. Nf3 a6 5. Bd3 e6 6. O-O g6 7. Nxd4 cxd4 8.
Ne2 Bg7 9. f4 d6 10. c3 d5 11. e5 dxc3 12. dxc3 f6 13. Nd4 fxe5 14. fxe5 Bxe5
15. Qf3 Qf6 16. Qg4 Bxd4+ 17. cxd4 Qg7 18. Bg5 b5 19. Rae1 h6 20. Rxe6+ Bxe6
21. Qxe6+ Ne7 22. Bxe7 1-0

[Event "Canada int. ch"]
[Site "Longueuil CAN"]
[Date "2019.10.13"]
[Round "4.18"]
[White "Tremblay, Rejean"]
[Black "Xu, Daniel"]
[Result "0-1"]
[WhiteElo "2199"]
[BlackElo "1838"]
[PlyCount "86"]
[EventDate "2019.10.11"]
[EventType "swiss"]
[EventRounds "5"]
[EventCountry "CAN"]

1. d4 Nf6 2. c4 g6 3. Nc3 Bg7 4. Nf3 d6 5. g3 O-O 6. Bg2 Nc6 7. O-O a6 8. d5
Na5 9. Nd2 c5 10. a3 Nd7 11. Qc2 Ne5 12. b3 b5 13. cxb5 axb5 14. Bb2 Ba6 15.
Nce4 b4 16. f4 Nd7 17. Bxg7 Kxg7 18. Qb2+ Kg8 19. Rf2 Qb6 20. Bh3 Rfd8 21. Ng5
bxa3 22. Rxa3 Nf6 23. Nde4 Nxe4 24. Nxf7 Nf6 25. Nxd8 Nc4 26. Rxa6 Rxa6 27. Qc3
Na5 28. Bc8 Ra8 29. Be6+ Kg7 30. Nf7 Qxb3 31. Qa1 c4 32. f5 Qe3 33. fxg6 hxg6
34. Kf1 Qd2 35. Rf3 Rb8 36. Qc3 Qxc3 37. Rxc3 Ne4 38. Rc1 c3 39. h4 Nb3 40. Rc2
Nd4 41. Rc1 c2 42. Ng5 Nxg5 43. hxg5 Rb1 0-1